ENVIRONMENTAL LAW (Record no. 8431)

MARC details
000 -LEADER
fixed length control field 00426nam a22001817a 4500
005 - DATE AND TIME OF LATEST TRANSACTION
control field 20231031162250.0
008 - FIXED-LENGTH DATA ELEMENTS--GENERAL INFORMATION
fixed length control field 231031b |||||||| |||| 00| 0 eng d
020 ## - INTERNATIONAL STANDARD BOOK NUMBER
ISBN 978-93-92140-35-8
041 ## - LANGUAGE CODE
Language code of text/sound track or separate title eng
082 ## - DEWEY DECIMAL CLASSIFICATION NUMBER
Classification number 344.4
100 ## - MAIN ENTRY--AUTHOR NAME
Personal name UPADHYAYA, DR. J.J..R
245 ## - TITLE STATEMENT
Title ENVIRONMENTAL LAW
250 ## - EDITION STATEMENT
Edition statement 6TH, ED. 2023
260 ## - PUBLICATION, DISTRIBUTION, ETC. (IMPRINT)
Place of publication PRAYAGRAJ
Name of publisher CENTRAL LAW AGENCY
300 ## - PHYSICAL DESCRIPTION
Number of Pages 575;p
650 ## - SUBJECT ADDED ENTRY--TOPICAL TERM
Topical Term LAW
942 ## - ADDED ENTRY ELEMENTS (KOHA)
Koha item type Books
Holdings
Lost status Damaged status Collection code Home library Current library Shelving location Date acquired Source of acquisition Cost, normal purchase price Full call number Accession Number Koha item type
    LAW JRU Library JRU Library SHELF-30-D 31/10/2023 PURCHASE [LBI] 560.00 344.4 27967 Books
    LAW JRU Library JRU Library SHELF- 68 D 31/10/2023 PURCHASE [LBI] 560.00 344.4 27968 Books
    LAW JRU Library JRU Library SHELF-30-D 31/10/2023 PURCHASE [LBI] 560.00 344.4 27969 Books
    LAW JRU Library JRU Library SHELF-30-D 31/10/2023 PURCHASE [LBI] 560.00 344.4 27970 Books
    LAW JRU Library JRU Library SHELF-30-D 31/10/2023 PURCHASE [LBI] 560.00 344.4 27971 Books